00883nam a2200253 a 450000100060000000300080000600500170001400800410003102000150007203500190008704000270010604100080013308200280014124501200016925000120028926000400030130000360034150000970037750400410047465000490051570000220056470000210058670000220060749638BD-RjUL20211209054715.0160821s1981 caua b 001 0 eng  a087589495X a(BD-RjUL)49757 aDLCcDLCdBD-RjULbeng aeng00a361.61072223bREA 198100aReanalyzing program evaluations /c[edited by] Robert F. Boruch, Paul M. Wortman, David S. Cordray, and associates. a1st ed. aSan Francisco :bJossey-Bass,c1981 axviii, 403 p. :bill. ;c24 cm. a"Policies and practices for secondary analysis of social and educational programs"--P. [iii] aIncludes bibliographies and indexes. 0aEvaluation research (Social action programs)1 aBoruch, Robert F.1 aWortman, Paul M.1 aCordray, David S.